LEADER 02906nam 2200649Ia 450 001 9910452800803321 005 20200520144314.0 010 $a0-19-174034-9 010 $a0-19-960746-X 010 $a1-283-57986-3 010 $a9786613892317 010 $a0-19-157597-6 035 $a(CKB)2550000000105566 035 $a(EBL)975579 035 $a(OCoLC)801363529 035 $a(SSID)ssj0000627907 035 $a(PQKBManifestationID)12218507 035 $a(PQKBTitleCode)TC0000627907 035 $a(PQKBWorkID)10701665 035 $a(PQKB)11403514 035 $a(MiAaPQ)EBC975579 035 $a(StDuBDS)EDZ0000091484 035 $a(Au-PeEL)EBL975579 035 $a(CaPaEBR)ebr10581761 035 $a(CaONFJC)MIL389231 035 $a(EXLCZ)992550000000105566 100 $a20090706d2009 uy 0 101 0 $aeng 135 $aur|n|---||||| 181 $ctxt 182 $cc 183 $acr 200 10$aLipid disorders$b[electronic resource] /$fPaul Nicholls, Ian Young 210 $aOxford ;$aNew York $cOxford University Press$d2009 215 $a1 online resource (103 p.) 225 1 $aOxford cardiology library 300 $aDescription based upon print version of record. 311 $a0-19-956965-7 320 $aIncludes bibliographical references and index. 327 $aContents; Preface; Abbreviations; 1 History of lipids; 2 Epidemiology; 3 Lipid particles; 4 Lipid metabolism; 5 Mechanisms of atherogenesis; 6 Hypercholesterolaemia and risk assessment; 7 Familial hypercholesterolaemia; 8 Hypertriglyceridaemia; 9 Treatments available; 10 Abnormal liver tests; 11 Muscle pains and CK; 12 Lipid drug trials; 13 Clinical cases; Appendix; Index; A; B; C; D; E; F; G; H; I; J; L; M; N; O; P; Q; R; S; T; U; V; W; X 330 $aOver the past 20 years, effective treatments for lipid disorders have become available. With the high incidence of coronary artery disease in the developed world, interest in this area has greatly increased, and 10% of the UK population now qualify for lipid lowering treatment. It is therefore important that the rational use of lipid-lowering treatment is based on an understanding of the underlying metabolic problem.This comprehensive but concise guide makes basic lipid metabolism understandable to the reader without over-simplification. The often confusing classification of lipid disorders is 410 0$aOxford cardiology library. 606 $aLipids 606 $aLipids$xMetabolism$xDisorders 608 $aElectronic books. 615 0$aLipids. 615 0$aLipids$xMetabolism$xDisorders. 676 $a616.3997 700 $aNicholls$b Paul$g(David Paul)$0996788 701 $aYoung$b Ian$g(Ian S.)$0648077 801 0$bMiAaPQ 801 1$bMiAaPQ 801 2$bMiAaPQ 906 $aBOOK 912 $a9910452800803321 996 $aLipid disorders$92285408 997 $aUNINA LEADER 00930nam a22002531i 4500 001 991001481659707536 005 20031114133303.0 008 040407s1969 it a||||||||||||||||ita 035 $ab12776993-39ule_inst 035 $aARCHE-075662$9ExL 040 $aDip.to Scienze Storiche$bita$cA.t.i. Arché s.c.r.l. Pandora Sicilia s.r.l. 082 04$a929 100 1 $aCampanile, Filiberto$0484428 245 12$aL'armi, overo Insegne de' nobili /$cF. Campanile 260 $aBologna :$bForni,$c1969 300 $a288 p. :$bill. ;$c24 cm 500 $aRipr. facs. dell'ed.: Napoli, 1610. 650 4$aAraldica 907 $a.b12776993$b02-04-14$c16-04-04 912 $a991001481659707536 945 $aLE009 LA VII F 25$g1$iLE009A-1224 LA$lle009$o-$pE0.00$q-$rn$so $t0$u0$v0$w0$x0$y.i13320336$z16-04-04 996 $aArmi, overo Insegne de' nobili$9295595 997 $aUNISALENTO 998 $ale009$b16-04-04$cm$da $e-$fita$git $h2$i1 LEADER 02632nam 2200661 450 001 9910787715603321 005 20230803195409.0 010 $a3-11-027677-1 024 7 $a10.1515/9783110276770 035 $a(CKB)2670000000535462 035 $a(EBL)893580 035 $a(SSID)ssj0001123576 035 $a(PQKBManifestationID)11603398 035 $a(PQKBTitleCode)TC0001123576 035 $a(PQKBWorkID)11076385 035 $a(PQKB)10433514 035 $a(MiAaPQ)EBC893580 035 $a(DE-B1597)174999 035 $a(OCoLC)867693860 035 $a(OCoLC)979600701 035 $a(DE-B1597)9783110276770 035 $a(Au-PeEL)EBL893580 035 $a(CaPaEBR)ebr10848956 035 $a(CaONFJC)MIL577475 035 $a(OCoLC)870946163 035 $a(EXLCZ)992670000000535462 100 $a20140321h20142014 uy| 0 101 0 $aeng 135 $aur|n|---||||| 181 $ctxt 182 $cc 183 $acr 200 10$aProto Utian grammar and dictionary $ewith notes on Yokuts /$fby Catherine Callaghan 210 1$aBerlin :$cDe Gruyter Mouton,$d[2014] 210 4$d©2014 215 $a1 online resource (536 p.) 225 1 $aTrends in linguistics. Documentation,$x0179-8251 ;$v31 300 $aDescription based upon print version of record. 311 $a3-11-027457-4 327 $apart 1. Introduction -- part 2. Proto Utian grammar -- part 3. Proto Utian dictionary -- part 4. English-Utian dictionary -- part 5. Mystery sets. 330 $aThis book is the result of over 50 years of research, and it represents an intellectual journey. It is maximally accessible by tabulating the data and inserting frequent cross-references. Dictionary entries are in the alphabetical order of the deepest reconstruction in the set, and there is an English-Utian section at the end of the volume. Yokuts (or Proto Yokuts) is also inserted where there is a resemblance. This strategy is especially helpful for those who wish to use the volume for remote comparison. In this manner, it can serve as a reference book for seminars on non-traditional language 410 0$aTrends in linguistics.$pDocumentation ;$v31. 606 $aYokuts language 610 $aAmerindian. 610 $aDictionary. 610 $aGrammar. 610 $aHistorical. 610 $aLinguistics. 615 0$aYokuts language. 676 $a497.41335 700 $aCallaghan$b Catherine$0185371 801 0$bMiAaPQ 801 1$bMiAaPQ 801 2$bMiAaPQ 906 $aBOOK 912 $a9910787715603321 996 $aProto Utian grammar and dictionary$93695920 997 $aUNINA